Manuscripts don't burn (Record no. 119670)
[ view plain ]
| 000 -LEADER | |
|---|---|
| fixed length control field | 00620nam a22001937a 4500 |
| 008 - FIXED-LENGTH DATA ELEMENTS--GENERAL INFORMATION | |
| fixed length control field | 140123b xxu||||| |||| 00| 0 eng d |
| 020 ## - INTERNATIONAL STANDARD BOOK NUMBER | |
| International Standard Book Number | 0002721910 |
| 050 ## - LIBRARY OF CONGRESS CALL NUMBER | |
| Classification number | PG3476.B78Z64 1992 |
| 100 ## - MAIN ENTRY--PERSONAL NAME | |
| Personal name | Bulgakov, Mikhail |
| 9 (RLIN) | 6994 |
| 245 ## - TITLE STATEMENT | |
| Title | Manuscripts don't burn |
| Remainder of title | A Life in letters and diaries |
| 260 ## - PUBLICATION, DISTRIBUTION, ETC. (IMPRINT) | |
| Place of publication, distribution, etc | London |
| Name of publisher, distributor, etc | Harvill |
| Date of publication, distribution, etc | 1992 |
| 300 ## - PHYSICAL DESCRIPTION | |
| Extent | xiv; 306p. |
| Dimensions | 22cm |
| 440 ## - SERIES STATEMENT/ADDED ENTRY--TITLE | |
| Title | Harvill paperbacks |
| Number of part/section of a work | n.117 |
| 9 (RLIN) | 6995 |
| 650 ## - SUBJECT ADDED ENTRY--TOPICAL TERM | |
| Topical term or geographic name as entry element | Bulgakov, Mikhail - Correspondence |
| 9 (RLIN) | 6996 |
| 650 ## - SUBJECT ADDED ENTRY--TOPICAL TERM | |
| Topical term or geographic name as entry element | Bulgakov, Mikhail |
| 9 (RLIN) | 6997 |
| 658 ## - INDEX TERM--CURRICULUM OBJECTIVE | |
| Main curriculum objective | Bulgakov, Mikhail - Diaries |
| 700 ## - ADDED ENTRY--PERSONAL NAME | |
| Personal name | Curtis, Julie A. E. (ed) |
| 9 (RLIN) | 6998 |
| 942 ## - ADDED ENTRY ELEMENTS (KOHA) | |
| Source of classification or shelving scheme | Library of Congress Classification |
| Item type | Monograph ( Printed materials) |
| Withdrawn status | Lost status | Source of classification or shelving scheme | Damaged status | Not for loan | Home library | Current library | Date acquired | Total Checkouts | Full call number | Barcode | Date last seen | Price effective from | Koha item type |
|---|---|---|---|---|---|---|---|---|---|---|---|---|---|
| Library of Congress Classification | ARRUPE LIBRARY | ARRUPE LIBRARY | 23/01/2014 | PG3476.B78Z64 1992 | 464122493 | 04/04/2019 | 23/01/2014 | Monograph ( Printed materials) |